Verdi Rekviem a Dómban [rövid tudósítás]
Elmentve itt :
| Dokumentumtípus: | Cikk |
|---|---|
| Megjelent: |
1938-08-11
|
| Sorozat: | Délmagyarország
14 No. 170 |
| Kulcsszavak: | Rubányi Vilmos, Zenei élet Szeged 1938, Koncert Dóm 1938, zeneélet |
| Online Access: | http://dmarchiv.bibl.u-szeged.hu/63141 |
| LEADER | 00475nab a2200145 i 4500 | ||
|---|---|---|---|
| 001 | delm63141 | ||
| 005 | 20180927151346.0 | ||
| 008 | 180927s1938 hu o 0|| hun d | ||
| 040 | |a SZTE Délmagyarország Archívum |b hun | ||
| 041 | |a hun | ||
| 245 | 0 | 0 | |a Verdi Rekviem a Dómban |h [elektronikus dokumentum] : |b [rövid tudósítás] |
| 260 | |c 1938-08-11 | ||
| 300 | |a 7 | ||
| 490 | 0 | |a Délmagyarország |v 14 No. 170 | |
| 695 | |a Rubányi Vilmos, Zenei élet Szeged 1938, Koncert Dóm 1938, zeneélet | ||